[Event "25th Czech Rapid G1 2014"]
[Site "Pardubice CZE"]
[Date "2014.07.17"]
[Round "5.56"]
[White "Gergel, Vladimir P"]
[Black "Shuvalova, Polina"]
[Result "1/2-1/2"]
[WhiteTitle "FM"]
[BlackTitle "WFM"]
[WhiteElo "2227"]
[BlackElo "2108"]
[WhiteFideId "14100550"]
[BlackFideId "24171760"]
[EventDate "2014.07.16"]

1. d4 Nf6 2. c4 g6 3. Nc3 Bg7 4. e4 d6 5. Be2 O-O 6. Nf3 e5 7. d5 a5 8. Bg5 h6
9. Bh4 Na6 10. Nd2 Qe8 11. O-O Nd7 12. f3 h5 13. a3 c5 14. dxc6 bxc6 15. b4 axb4
16. axb4 Rb8 17. b5 Nc7 18. bxc6 Nc5 19. Nd5 N7e6 20. Rb1 Rxb1 21. Qxb1 Kh8 22.
Qb6 Nd4 23. Rf2 Nxc6 24. Nb3 Nxb3 25. Qxb3 f5 26. Qa3 fxe4 27. fxe4 Rxf2 28.
Bxf2 Nd4 29. Bf1 Qf8 30. Bh4 Bg4 31. Be7 Qf7 32. Qxd6 Be2 33. Nf6 Nc6 34. Qxc6
Qxe7 35. Nd5 Qa7+ 36. Qb6 Qa1 37. Ne3 Qc1 38. Kf2 Bxf1 39. Nxf1 Qf4+ 40. Kg1
Qxe4 41. Qd8+ Kh7 42. Qd5 Qe1 43. Qd2 Qe4 44. Qd5 Qe1 45. Qd2 Qe4 46. Qd5 Qe1
47. Qd2 Qe4 48. Qd5 Qe1 49. Qd2 Qa1 50. Qe2 e4 51. g3 Qd4+ 52. Kg2 Bh6 53. h4
Kh8 54. Nh2 Kh7 55. Nf1 e3 56. Nh2 Qe4+ 57. Nf3 Qg4 58. c5 Qe4 59. Kh2 Kg8 60.
Kh3 Qf5+ 61. Kg2 Qxc5 62. Qa6 Qc2+ 63. Kh3 Qf5+ 64. Kg2 Qc2+ 65. Kh3 Qf5+ 66.
Kg2 Qc2+ 67. Kh3 Qe4 68. Kg2 Qc2+ 69. Kh3 Qf5+ 70. Kg2 Qe4 71. Qe2 Bf8 72. Kh2
Bd6 73. Qa2+ Kf8 74. Kg2 e2 75. Qa1 Kg8 76. Qa2+ Kf8 77. Qa1 Kg8 78. Qa2+ Kf8
79. Qa1 Ke7 80. Qg7+ Kd8 81. Qg8+ Kd7 82. Qg7+ Be7 83. Qc3 Bb4 84. Qg7+ Be7 85.
Qa1 Bb4 86. Kf2 Bc5+ 87. Kg2 Bb4 88. Kf2 Bc5+ 89. Kg2 Bb4 90. Kf2 Bc5+ 91. Kg2
Bb4 92. Kf2 Qxf3+ 93. Kxf3 e1=Q 94. Qg7+ Be7 95. Qxg6 Qf1+ 96. Ke3 Bc5+ 97. Kd2
Qf2+ 98. Kd1 Qd4+ 99. Kc2 Qa4+ 100. Kd2 Qa2+ 101. Kd1 Qb3+ 102. Ke2 Qb2+ 103.
Kd1 Qd4+ 104. Kc2 Qf2+ 105. Kc3 Qe1+ 106. Kc2 Qe2+ 107. Kc3 Qe1+ 108. Kc2 Qe2+
109. Kc3 1/2-1/2

[Event "25th Czech Rapid G1 2014"]
[Site "Pardubice CZE"]
[Date "2014.07.17"]
[Round "5.57"]
[White "Akesson, Ralf"]
[Black "Joukl, Zdenek"]
[Result "1-0"]
[WhiteTitle "GM"]
[WhiteElo "2462"]
[BlackElo "2062"]
[WhiteFideId "1700120"]
[BlackFideId "304247"]
[EventDate "2014.07.16"]

1. d4 d5 2. Nf3 Bf5 3. c4 e6 4. Nc3 Nf6 5. cxd5 exd5 6. Qb3 Nc6 7. Bg5 Na5 8.
Qa4+ c6 9. Bxf6 gxf6 10. e3 b5 11. Qd1 Bb4 12. Bd3 Bg6 13. Qc2 Bxd3 14. Qxd3 Nc4
15. Rb1 Qa5 16. O-O O-O-O 17. Ne2 Rhg8 18. Qf5+ Kb8 19. a3 Be7 20. Ng3 Nd6 21.
Qc2 Rc8 22. Nh4 Rg5 23. Nhf5 Bf8 24. Rfc1 Qc7 25. Qd3 Qd7 26. Nxd6 Bxd6 27. Qxh7
Rgg8 28. Qf5 Qe7 29. Rc2 Rg5 30. Qf3 Qe6 31. Rbc1 Kb7 32. h4 Rg4 33. Nf5 Rcg8
34. g3 Bb8 35. Rxc6 Qd7 36. Kf1 Re4 37. Rxf6 b4 38. axb4 Re6 39. Rxf7 Qxf7 40.
Nd6+ 1-0

[Event "25th Czech Rapid G1 2014"]
[Site "Pardubice CZE"]
[Date "2014.07.17"]
[Round "5.60"]
[White "Jezbera, Jiri"]
[Black "Horinek, Karel"]
[Result "1-0"]
[WhiteElo "2200"]
[BlackElo "1980"]
[WhiteFideId "329185"]
[BlackFideId "323276"]
[EventDate "2014.07.16"]

1. e4 e5 2. Nf3 Nc6 3. d4 exd4 4. Nxd4 Bc5 5. Be3 Qf6 6. c3 d6 7. Bc4 Bd7 8. O-O
Qg6 9. Kh1 Nf6 10. f3 Ne5 11. Be2 O-O-O 12. a4 d5 13. Nf5 Bf8 14. Bxa7 Bxf5 15.
exf5 Qxf5 16. a5 Nc6 17. Bg1 d4 18. Qb3 Nxa5 19. Qa4 Nc6 20. cxd4 Nd5 21. Qb5
Qd7 22. Nc3 Nb6 23. d5 Nxd5 24. Ra8+ Nb8 25. Ba7 Qxb5 26. Rxb8+ Kd7 27. Rxd8+
Kxd8 28. Bxb5 Nxc3 29. bxc3 b6 30. Rd1+ Bd6 31. Bxb6 cxb6 32. Rxd6+ Kc7 33. Rd7+
Kb8 34. Rxf7 1-0

[Event "25th Czech Rapid G1 2014"]
[Site "Pardubice CZE"]
[Date "2014.07.17"]
[Round "5.61"]
[White "Zverina, Jan"]
[Black "Pulpan, Jakub"]
[Result "0-1"]
[WhiteElo "1872"]
[BlackElo "2218"]
[WhiteFideId "328812"]
[BlackFideId "302759"]
[EventDate "2014.07.16"]

1. e4 c5 2. c3 d5 3. exd5 Qxd5 4. d4 Nc6 5. Nf3 Bf5 6. Na3 cxd4 7. cxd4 O-O-O 8.
Bc4 Qe4+ 9. Be3 e5 10. O-O exd4 11. Ng5 dxe3 12. Qxd8+ Nxd8 13. Nxe4 Bxe4 14.
fxe3 Bxa3 15. bxa3 Nf6 16. Rac1 Bc6 17. Bb5 Re8 18. Rfe1 Re5 19. Bxc6 Nxc6 20.
h3 Re4 21. Rc3 Kd7 22. Rd1+ Ke7 23. Kf2 Nd7 24. Rb1 Nb6 25. Kf3 Ra4 26. g3 Ke6
27. Rb5 Ne5+ 0-1

[Event "25th Czech Rapid G1 2014"]
[Site "Pardubice CZE"]
[Date "2014.07.17"]
[Round "5.62"]
[White "Horacek, Michal"]
[Black "Skaloud, Dusan"]
[Result "1-0"]
[WhiteElo "2094"]
[BlackElo "1950"]
[WhiteFideId "332526"]
[BlackFideId "339610"]
[EventDate "2014.07.16"]

1. c4 c5 2. Nf3 Nc6 3. g3 b6 4. Bg2 Bb7 5. O-O Nd4 6. Nc3 Nxf3+ 7. exf3 h5 8. d4
cxd4 9. Qxd4 h4 10. Re1 hxg3 11. hxg3 Nh6 12. Nb5 e6 13. Bf4 Nf5 14. Qe5 f6 15.
Qxf5 1-0

[Event "25th Czech Rapid G1 2014"]
[Site "Pardubice CZE"]
[Date "2014.07.17"]
[Round "5.63"]
[White "Solovyev, Anton"]
[Black "Vachtfeidl, Petr"]
[Result "0-1"]
[WhiteElo "2021"]
[BlackElo "1996"]
[WhiteFideId "24170330"]
[BlackFideId "315028"]
[EventDate "2014.07.16"]

1. e4 c5 2. Nf3 e6 3. c4 Nc6 4. d4 cxd4 5. Nxd4 Nf6 6. Nc3 Bb4 7. Nxc6 bxc6 8.
e5 Ne4 9. Qd4 Nxc3 10. bxc3 Be7 11. c5 Qa5 12. Be3 Ba6 13. Bxa6 Qxa6 14. Qg4 Qd3
15. Qd4 Qxd4 16. cxd4 Rb8 17. Kd2 O-O 18. Rab1 f6 19. Rb3 Bd8 20. Rhb1 Bc7 21.
f4 Kf7 22. Rb7 Ke7 23. Kc2 Rxb7 24. Rxb7 Bb8 25. Kd3 Rc8 26. a4 a5 27. Bd2 Bc7
28. Kc4 Kd8 29. Be1 Ra8 30. Bh4 Kc8 31. Rb3 f5 32. Be1 Rb8 33. Rg3 g6 34. Rh3
Rb1 35. Bc3 Rf1 36. Rxh7 Rxf4 37. Rg7 Rg4 38. Rg8+ Kb7 39. Rg7 Rxg2 40. Rxd7 Kc8
41. Re7 f4 42. Rxe6 f3 43. h4 f2 44. Rf6 Bd8 45. Rf7 Bxh4 46. e6 Kd8 47. Bxa5+
Ke8 48. Bc7 Rg1 0-1

[Event "25th Czech Rapid G1 2014"]
[Site "Pardubice CZE"]
[Date "2014.07.17"]
[Round "5.65"]
[White "Chovanec, Vladimir"]
[Black "Holy, Filip"]
[Result "1-0"]
[WhiteElo "2100"]
[BlackElo "1733"]
[WhiteFideId "14907860"]
[BlackFideId "358762"]
[EventDate "2014.07.16"]

1. e4 c5 2. Nc3 Nc6 3. f4 e6 4. Nf3 d5 5. Bb5 Ne7 6. exd5 exd5 7. Qe2 g6 8. Qe3
d4 9. Qe5 dxc3 10. Qxh8 Qb6 11. Bxc6+ Nxc6 12. Qxc3 Bf5 13. Qf6 Be7 14. Qh8+ Bf8
15. Qxh7 O-O-O 16. O-O c4+ 17. Kh1 Qc7 18. b3 c3 19. dxc3 Bc5 20. Bd2 Bg4 21.
Be1 Qxf4 22. Bg3 Qe4 23. Qxf7 Bb6 24. Qf4 Qe6 25. Rfe1 Qd7 26. Ne5 Nxe5 27. Qxe5
Qc6 1-0

[Event "25th Czech Rapid G1 2014"]
[Site "Pardubice CZE"]
[Date "2014.07.17"]
[Round "5.66"]
[White "Gadzhiev, Farid"]
[Black "Mindl, Josef"]
[Result "1/2-1/2"]
[WhiteElo "1889"]
[BlackElo "2029"]
[WhiteFideId "24194450"]
[BlackFideId "310549"]
[EventDate "2014.07.16"]

1. e4 c5 2. d4 cxd4 3. c3 d3 4. Bxd3 Nc6 5. Nf3 d6 6. O-O Nf6 7. Qe2 Bg4 8. h3
Bh5 9. Rd1 Qc7 10. Be3 Ne5 11. Nbd2 e6 12. g4 Nxf3+ 13. Nxf3 Bg6 14. Bb5+ Nd7
15. Ne5 O-O-O 16. Nxd7 Rxd7 17. Bxd7+ Qxd7 18. Bxa7 h5 19. Qc4+ Kd8 20. Bb6+ Ke8
21. e5 d5 22. Qc7 Qxc7 23. Bxc7 hxg4 24. Rd4 Be4 25. Rxe4 dxe4 26. hxg4 Rh4 27.
Rd1 Rxg4+ 28. Kf1 Bc5 29. Rd8+ Ke7 30. Rb8 Kd7 31. Bd6 Bxd6 32. exd6 Kxd6 33.
Rxb7 f5 34. Ke2 f4 35. Rb4 Ke5 36. a4 Rg2 37. Ke1 Rg1+ 38. Kd2 Rg2 39. Ke1 Rg1+
40. Kd2 Ra1 41. Rb5+ Kf6 42. Rb4 Kf5 43. Rb5+ e5 44. a5 g5 45. c4 g4 46. c5 g3
47. fxg3 fxg3 48. Rb3 Rxa5 49. Rxg3 Rxc5 50. Ra3 Rb5 51. Kc2 Kf4 52. Kd2 Rxb2+
53. Ke1 e3 54. Ra8 Ke4 55. Ra4+ Kf3 56. Kd1 1/2-1/2

[Event "25th Czech Rapid G1 2014"]
[Site "Pardubice CZE"]
[Date "2014.07.17"]
[Round "5.67"]
[White "Petrovskis, Olegs"]
[Black "Janacek, Jaroslav"]
[Result "1-0"]
[WhiteElo "2062"]
[BlackElo "2001"]
[WhiteFideId "11603186"]
[BlackFideId "306681"]
[EventDate "2014.07.16"]

1. d4 d6 2. Nf3 g6 3. c4 Bg7 4. Nc3 Bg4 5. e3 c5 6. Be2 cxd4 7. exd4 Nc6 8. d5
Bxf3 9. Bxf3 Ne5 10. Be2 Nh6 11. O-O Nf5 12. Qa4+ Qd7 13. Qd1 Rc8 14. b3 a6 15.
Bb2 Qc7 16. Kh1 Qc5 17. Na4 Qa7 18. g4 Nxg4 19. Bxg4 O-O 20. Bxf5 Bxb2 21. Nxb2
gxf5 22. Qd3 e6 23. dxe6 fxe6 24. Qxd6 Qc5 25. Rg1+ Kh8 26. Qxc5 Rxc5 27. Rad1
Rc7 28. Rd6 Re8 29. Nd3 b5 30. c5 a5 31. a3 e5 32. b4 e4 33. Nf4 axb4 34. axb4
Ra7 35. Nd5 Ra2 36. Nf6 Rf8 37. Rd7 1-0

[Event "25th Czech Rapid G1 2014"]
[Site "Pardubice CZE"]
[Date "2014.07.17"]
[Round "5.68"]
[White "Stary, Lukas"]
[Black "Vykydal, Frantisek"]
[Result "0-1"]
[BlackTitle "CM"]
[WhiteElo "1929"]
[BlackElo "2117"]
[WhiteFideId "322806"]
[BlackFideId "301744"]
[EventDate "2014.07.16"]

1. c4 e5 2. Nc3 Nc6 3. Nf3 d6 4. d4 Be7 5. g3 Nf6 6. Bg2 O-O 7. O-O Bg4 8. h3
Bxf3 9. Bxf3 exd4 10. Nb5 Qd7 11. Bg2 Ne5 12. Qxd4 c6 13. Na3 Qe6 14. b3 d5 15.
cxd5 cxd5 16. Bb2 Nc6 17. Qd3 Rfd8 18. Rfd1 a6 19. Nc2 Ne4 20. Rac1 Qf5 21. Qf3
Qg6 22. Ne3 Bg5 23. h4 Bxe3 24. Qxe3 f5 25. Bxe4 dxe4 26. Kh2 Qe6 27. Qc3 Qf7
28. f3 h6 29. Kg2 Qe7 30. Qc4+ Kh7 31. Qc2 Re8 32. f4 Rad8 33. Rxd8 Rxd8 34. Rd1
Rxd1 35. Qxd1 Qd8 36. Qxd8 Nxd8 37. Kf2 Ne6 38. Ke3 Kg6 39. Ba3 Kh5 40. Kf2 Kg4
41. Bc1 g6 42. Be3 Ng7 43. Kg2 Nh5 44. Bf2 e3 45. Be1 Nf6 46. a4 Ne4 47. b4 Nd2
48. b5 axb5 49. axb5 g5 50. hxg5 hxg5 51. fxg5 Kh5 52. Kh3 Kxg5 53. Kg2 Kg4 54.
Kh2 Nb3 55. Bc3 Nc1 56. Bd4 Nxe2 57. Bxe3 Nxg3 58. Kg2 f4 59. Bc5 f3+ 60. Kg1
Ne4 61. Bb6 Kf4 62. Bd4 Nd6 63. b6 Ke4 64. Bc5 Kd5 65. Bxd6 Kxd6 66. Kf2 Kc5 67.
Kxf3 Kxb6 68. Ke3 Ka5 69. Kd3 Ka4 70. Kc2 b5 71. Kb2 Kb4 72. Kc2 Ka3 73. Kb1 Kb3
74. Kc1 Ka2 75. Kc2 b4 0-1

[Event "25th Czech Rapid G1 2014"]
[Site "Pardubice CZE"]
[Date "2014.07.17"]
[Round "5.69"]
[White "Grove, Michael"]
[Black "Kotyk, Vaclav"]
[Result "1-0"]
[WhiteElo "2064"]
[BlackElo "1848"]
[WhiteFideId "2403943"]
[BlackFideId "384232"]
[EventDate "2014.07.16"]

1. e4 c5 2. Nf3 d6 3. d4 cxd4 4. Nxd4 Nf6 5. Nc3 a6 6. h3 e6 7. g4 b5 8. g5 Nfd7
9. Be3 Bb7 10. Bg2 Qc7 11. f4 Nc6 12. Qd2 Na5 13. Qe2 Nc4 14. Bc1 Be7 15. b3 Na3
16. Bb2 Qc5 17. Rd1 Rc8 18. Rd2 O-O 19. Nd1 d5 20. e5 Qb6 21. O-O b4 22. Bxa3
bxa3 23. Kh2 a5 24. Qb5 Ba6 25. Qxb6 Nxb6 26. Rff2 Bb4 27. c3 Bxc3 28. Nxc3 Rxc3
29. Nc2 a4 30. Nd4 Rfc8 31. f5 axb3 32. axb3 exf5 33. Nxf5 Kf8 34. Nd6 R8c7 35.
e6 Rxb3 36. Nxf7 Ke7 37. g6 hxg6 38. Ng5 Kd6 39. Rf7 Rb2 40. Ne4+ Kxe6 41. Rxc7
dxe4 42. Rxb2 axb2 43. Rc6+ Ke5 44. Rxb6 Bd3 45. Rxb2 Kd4 46. Kg1 e3 47. Bf3 Kc3
48. Ra2 Bc2 49. Be2 Kd2 50. Kf1 g5 51. Ra5 g6 52. Rxg5 Bf5 53. Rxf5 gxf5 54. h4
f4 55. h5 f3 56. Bxf3 e2+ 57. Bxe2 1-0

[Event "25th Czech Rapid G1 2014"]
[Site "Pardubice CZE"]
[Date "2014.07.17"]
[Round "6.2"]
[White "Bryzgalin, Kirill"]
[Black "Muhammad, Luthfi Ali"]
[Result "1-0"]
[WhiteTitle "GM"]
[BlackTitle "FM"]
[WhiteElo "2460"]
[BlackElo "2336"]
[WhiteFideId "4133285"]
[BlackFideId "7103743"]
[EventDate "2014.07.16"]

1. d4 Nf6 2. Nf3 g6 3. Nbd2 d5 4. e3 Bg7 5. b4 O-O 6. c4 c6 7. Be2 Nbd7 8. O-O
Re8 9. Bb2 a5 10. b5 Nb6 11. Rc1 cxb5 12. cxb5 Bf5 13. Ba3 Ne4 14. Nxe4 dxe4 15.
Ne5 Qd5 16. Bc5 Bxe5 17. dxe5 Qxd1 18. Rfxd1 Nd7 19. Bd4 Rec8 20. Bc4 Nf8 21.
Bd5 Rxc1 22. Rxc1 Rc8 23. Rxc8 Bxc8 24. Bxe4 Nd7 25. Kf1 f6 26. exf6 Nxf6 27.
Bf3 Be6 28. a3 Bc4+ 29. Ke1 Bxb5 30. Bxb7 Kf7 31. f3 Ke6 32. Bc3 a4 33. e4 Kd7
34. Kd2 Kc7 35. Ba8 Kb8 36. Bxf6 exf6 37. Bd5 Kc7 38. Ke3 g5 39. Kd4 Kd6 40. g3
Be2 41. f4 gxf4 42. gxf4 Bd1 43. Bc4 h6 44. h4 Bc2 45. Bd3 Bd1 46. Kc4 Ke6 47.
Kc5 Ke7 48. Bb5 Bc2 49. Bc6 Bd1 50. Kb4 Bc2 51. Bxa4 Bxe4 52. Kc5 Ke6 53. Bc6
Bc2 54. Kd4 Kf5 55. Ke3 Ke6 56. Be4 Ba4 57. Kd4 Kd6 58. Kc4 Bd1 59. Kb4 Be2 60.
a4 Bf1 61. a5 Ba6 62. Bf3 Bf1 63. Bb7 Kc7 64. Bd5 Kd6 65. Bc4 Bg2 66. Kb5 Kc7
67. Kc5 Bb7 68. a6 Bc8 69. a7 1-0

[Event "25th Czech Rapid G1 2014"]
[Site "Pardubice CZE"]
[Date "2014.07.17"]
[Round "6.3"]
[White "Megaranto, Susanto"]
[Black "Babula, Vlastimil"]
[Result "0-1"]
[WhiteTitle "GM"]
[BlackTitle "GM"]
[WhiteElo "2532"]
[BlackElo "2549"]
[WhiteFideId "7101384"]
[BlackFideId "301264"]
[EventDate "2014.07.16"]

1. d4 Nf6 2. Nf3 e6 3. c4 Bb4+ 4. Bd2 a5 5. g3 d6 6. Bg2 Nbd7 7. O-O e5 8. Nc3
c6 9. Qc2 Bxc3 10. Bxc3 e4 11. Nh4 d5 12. cxd5 cxd5 13. Nf5 O-O 14. Rac1 Nb8 15.
Ne3 Nc6 16. Qb3 Re8 17. Rfd1 Ra6 18. a4 Rb6 19. Qa3 Ng4 20. Nxg4 Bxg4 21. f3 Bf5
22. Qc5 Rb3 23. Rf1 h6 24. fxe4 Bxe4 25. Bxe4 Rxe4 26. Rf5 Ne7 27. Re5 b6 28.
Qxe7 Qxe7 29. Rxe7 Rxe7 30. Kf2 b5 31. axb5 a4 32. Ra1 Ra7 33. Ra3 Rxa3 34. bxa3
Rb7 35. Bb4 Rxb5 36. Bd6 f5 37. h4 Kf7 38. h5 Rb3 39. Kg2 Kf6 0-1

[Event "25th Czech Rapid G1 2014"]
[Site "Pardubice CZE"]
[Date "2014.07.17"]
[Round "6.4"]
[White "Nisipeanu, Liviu-Dieter"]
[Black "Potapov, Pavel"]
[Result "1-0"]
[WhiteTitle "GM"]
[BlackTitle "IM"]
[WhiteElo "2686"]
[BlackElo "2482"]
[WhiteFideId "1202758"]
[BlackFideId "4169786"]
[EventDate "2014.07.16"]

1. d4 f5 2. Bg5 d5 3. e3 Nf6 4. Bxf6 exf6 5. c4 c6 6. Nc3 Be6 7. cxd5 Bxd5 8. a3
Bf7 9. Nf3 Be7 10. Bd3 g6 11. h4 h5 12. Qc2 Nd7 13. O-O-O Qb6 14. Nd2 O-O-O 15.
Bc4 Bxc4 16. Nxc4 Qc7 17. Ne2 b5 18. Nd2 Bd6 19. Kb1 Kb8 20. Rc1 Rc8 21. Qb3 Nb6
22. Rc2 Qd7 23. Rhc1 Rc7 24. Nc3 a6 25. a4 Rhc8 26. d5 b4 27. a5 Nxd5 28. Nxd5
cxd5 29. Rxc7 Rxc7 30. Rxc7 Bxc7 31. Qxb4+ Qb5 32. Qxb5+ axb5 33. Nb3 Kb7 34.
Nc5+ Kc6 35. a6 Kb6 36. Kc2 Bd6 37. Nd7+ Kxa6 38. Nxf6 Be7 39. Nxd5 Bxh4 40. f3
Bg5 41. Kd3 Kb7 42. Nf4 Bf6 43. b3 g5 44. Nxh5 Be5 45. f4 gxf4 46. exf4 Bd6 47.
g3 Bf8 48. Kd4 Kc6 49. Ke5 Kc5 50. Kxf5 Kb4 51. Nf6 Kxb3 52. Ke6 Kc4 53. Nd5 Kd4
54. g4 Ke4 55. f5 b4 56. g5 b3 57. Nc3+ Kf4 58. g6 Bg7 59. f6 Kg5 60. fxg7 b2 1-0

[Event "25th Czech Rapid G1 2014"]
[Site "Pardubice CZE"]
[Date "2014.07.17"]
[Round "6.5"]
[White "Vishnu Prasanna, V"]
[Black "Baryshpolets, Andrey"]
[Result "0-1"]
[WhiteTitle "GM"]
[BlackTitle "GM"]
[WhiteElo "2459"]
[BlackElo "2546"]
[WhiteFideId "5030692"]
[BlackFideId "14117207"]
[EventDate "2014.07.16"]

1. e4 e5 2. Nc3 Nf6 3. g3 d5 4. exd5 Nxd5 5. Bg2 Nxc3 6. bxc3 Bd6 7. Nf3 O-O 8.
O-O Nc6 9. d3 Bg4 10. h3 Bh5 11. Rb1 Rb8 12. Re1 Re8 13. g4 Bg6 14. Ng5 h6 15.
Ne4 Na5 16. Bd2 b6 17. Qf3 Nb7 18. Qg3 Bxe4 19. Bxe4 Nc5 20. g5 hxg5 21. Bxg5
Be7 22. Bh6 Bf8 23. Bg2 Qd6 24. Be3 Ne6 25. Qg4 Nf4 26. Be4 Nd5 27. Bd2 Nf6 28.
Qf5 g6 29. Qf3 Bg7 30. c4 Nxe4 31. Qxe4 f5 32. Qg2 e4 33. Rbd1 exd3 34. cxd3 Kh7
35. Qf3 Rbd8 36. Bg5 Rxe1+ 37. Rxe1 Qxd3 38. Qxd3 Rxd3 39. Re7 Kg8 40. Rxc7 Bd4
41. Rxa7 Rg3+ 42. Kf1 Rxg5 43. Rd7 Bc5 44. a4 f4 0-1

[Event "25th Czech Rapid G1 2014"]
[Site "Pardubice CZE"]
[Date "2014.07.17"]
[Round "6.6"]
[White "Teske, Henrik"]
[Black "Gordievsky, Dmitry"]
[Result "1/2-1/2"]
[WhiteTitle "GM"]
[BlackTitle "FM"]
[WhiteElo "2512"]
[BlackElo "2439"]
[WhiteFideId "4611500"]
[BlackFideId "24112798"]
[EventDate "2014.07.16"]

1. e4 c5 2. Nf3 d6 3. Nc3 Nf6 4. e5 dxe5 5. Nxe5 Nbd7 6. d4 e6 7. Bf4 cxd4 8.
Qxd4 Bc5 9. Qc4 Qe7 10. Bd3 O-O 11. O-O Nb6 12. Qb3 Nfd5 13. Bg3 Nxc3 14. Qxc3
f6 15. Nf3 e5 16. a3 Be6 17. Rfe1 Rac8 18. Qa5 Nc4 19. Bxc4 Bxc4 20. Rad1 Rfd8
21. h3 Bb6 22. Qa4 Be6 23. c3 Qf7 24. Qb4 Bb3 25. Rd2 Bd5 26. Red1 Bc6 27. Qg4
g6 28. Rxd8+ Rxd8 29. Rxd8+ Bxd8 30. Qc8 Qd7 31. Qxd7 Bxd7 32. Nd2 Kf7 33. f3
Ke6 34. Bf2 b6 35. Kf1 f5 36. Ke2 h5 37. Kd3 h4 38. b3 Bc6 39. c4 Be7 40. b4 e4+
41. Ke2 Ke5 42. fxe4 fxe4 43. Be3 g5 44. Nb3 Bd7 45. Nd4 g4 46. hxg4 Bxg4+ 47.
Kd2 Bd7 48. Kc3 Bf6 49. Ne2 Kf5+ 50. Bd4 Bg5 51. b5 Kg4 52. a4 e3 53. Be5 Bf5
54. Kd4 Bc8 55. Bb8 Bb7 56. Bxa7 Bxg2 57. Bxb6 h3 58. Bc7 Kf3 59. Kd3 Kf2 60. b6
Bf3 61. Bg3+ Kg2 62. Be5 Kf2 63. Nd4 e2 64. Nc2 e1=Q 65. Nxe1 Kxe1 66. a5 Bb7
67. c5 Kf2 68. Kc4 Kf3 69. c6 Bxc6 70. a6 Be3 71. b7 Ba7 1/2-1/2

[Event "25th Czech Rapid G1 2014"]
[Site "Pardubice CZE"]
[Date "2014.07.17"]
[Round "6.7"]
[White "Ekdyshman, Mikhail"]
[Black "Pavlidis, Antonios"]
[Result "0-1"]
[WhiteTitle "IM"]
[BlackTitle "IM"]
[WhiteElo "2369"]
[BlackElo "2479"]
[WhiteFideId "4149416"]
[BlackFideId "4212312"]
[EventDate "2014.07.16"]

1. e4 c5 2. Nf3 e6 3. c3 Nf6 4. e5 Nd5 5. g3 d6 6. exd6 Bxd6 7. d4 O-O 8. Bg2
Nc6 9. O-O Qe7 10. dxc5 Bxc5 11. a3 a5 12. Qc2 Nf6 13. Nbd2 e5 14. Ng5 h6 15.
Nge4 Nxe4 16. Nxe4 Bb6 17. Nd2 Be6 18. b3 f5 19. Nc4 Bxc4 20. bxc4 e4 21. Rb1
Bc5 22. Rb5 Ne5 23. a4 Kh8 24. Be3 Bxe3 25. fxe3 Nxc4 26. Qe2 Ne5 27. h3 Rac8
28. c4 Qc7 29. c5 Nd3 30. Kh2 Nxc5 31. Qh5 Qd7 32. g4 Qd6+ 33. Kh1 fxg4 34.
Rxf8+ Qxf8 35. hxg4 Nd3 36. Qf5 Rc1+ 37. Kh2 Qb8+ 38. Kh3 Rc2 39. Rxb7 Qxb7 40.
Qf8+ Kh7 41. Qf5+ g6 42. Bf1 0-1

[Event "25th Czech Rapid G1 2014"]
[Site "Pardubice CZE"]
[Date "2014.07.17"]
[Round "6.8"]
[White "Mozharov, Mikhail"]
[Black "Potapov, Alexander1"]
[Result "1-0"]
[WhiteTitle "GM"]
[BlackTitle "GM"]
[WhiteElo "2540"]
[BlackElo "2399"]
[WhiteFideId "4189825"]
[BlackFideId "4115074"]
[EventDate "2014.07.16"]

1. e4 e5 2. Nf3 Nc6 3. d4 exd4 4. Nxd4 Nf6 5. Nc3 Bb4 6. Nxc6 bxc6 7. Bd3 d5 8.
exd5 cxd5 9. O-O O-O 10. h3 c6 11. Qf3 h6 12. Ne2 Bd6 13. Rd1 Re8 14. Bf4 Rb8
15. b3 c5 16. Ng3 Rb4 17. c4 Bxf4 18. Qxf4 Qe7 19. Qd2 d4 20. Re1 Qd8 21. Rxe8+
Qxe8 22. Re1 Qd8 23. Re5 Qd6 24. Qf4 g6 25. Nh5 gxh5 26. Rg5+ hxg5 27. Qxd6 Nd7
28. Qh6 f6 29. Qh7+ Kf8 30. Qh8+ 1-0

[Event "25th Czech Rapid G1 2014"]
[Site "Pardubice CZE"]
[Date "2014.07.17"]
[Round "6.9"]
[White "Cvek, Robert"]
[Black "Zubritskiy, Artyom"]
[Result "1-0"]
[WhiteTitle "GM"]
[WhiteElo "2516"]
[BlackElo "2335"]
[WhiteFideId "307424"]
[BlackFideId "4181247"]
[EventDate "2014.07.16"]

1. c4 c5 2. Nf3 Nf6 3. Nc3 d6 4. g3 b6 5. Bg2 Bb7 6. O-O e6 7. b3 Be7 8. Bb2 O-O
9. e3 Nbd7 10. d4 cxd4 11. Nxd4 Qc8 12. f4 Bxg2 13. Kxg2 Qb7+ 14. Qf3 Qxf3+ 15.
Kxf3 Rfc8 16. Rfd1 a6 17. Rd2 Bf8 18. Rad1 Rc7 19. g4 Nc5 20. g5 Nfd7 21. Nde2
Rb8 22. Nd4 Rbc8 23. h4 Re8 24. h5 Rcc8 25. Nde2 Rc7 26. Ng3 Rb8 27. Nce4 Nb7
28. h6 g6 29. Nxd6 Nxd6 30. Rxd6 Bxd6 31. Rxd6 b5 32. Ne4 Kf8 33. Rxa6 bxc4 34.
Ba3+ Kg8 35. bxc4 Rxc4 36. Ra7 Rxe4 37. Kxe4 Nb6 38. Bd6 Rc8 39. a4 Nc4 40. Be5
Rd8 41. Bd4 Kf8 42. a5 Nd6+ 43. Kd3 Nb5 44. Rb7 Nxd4 45. exd4 Ra8 46. Rb5 Ke7
47. Kc4 Kd6 48. Rb7 Rxa5 49. Rxf7 Ra4+ 50. Kd3 Ra3+ 51. Ke4 Ra1 52. Rxh7 Re1+
53. Kf3 Rf1+ 54. Ke3 Re1+ 55. Kf2 Re4 56. Kf3 Rxd4 57. Rg7 Kd5 1-0

[Event "25th Czech Rapid G1 2014"]
[Site "Pardubice CZE"]
[Date "2014.07.17"]
[Round "6.10"]
[White "Reutsky, Sergei"]
[Black "Oparin, Grigoriy"]
[Result "1/2-1/2"]
[WhiteTitle "IM"]
[BlackTitle "GM"]
[WhiteElo "2387"]
[BlackElo "2550"]
[WhiteFideId "4157419"]
[BlackFideId "24125890"]
[EventDate "2014.07.16"]

1. e4 c5 2. Nf3 d6 3. Bb5+ Bd7 4. a4 Nf6 5. Qe2 e6 6. c3 Be7 7. O-O O-O 8. d4
cxd4 9. cxd4 Nc6 10. Nc3 a6 11. Bd3 Nb4 12. e5 dxe5 13. dxe5 Nxd3 14. Qxd3 Ne8
15. Rd1 Bc6 16. Qe2 Qa5 17. Nd4 Rc8 18. Nxc6 Rxc6 19. Rd7 Rc7 20. Rd3 g6 21. Bh6
Ng7 22. Rad1 Rfc8 23. Bd2 Qc5 24. Qf3 Qc6 25. Qxc6 Rxc6 26. Rd7 R6c7 27. Be3 Nf5
28. Bb6 Rxd7 29. Rxd7 Rc4 30. Rxb7 f6 31. Bc7 h5 32. Kf1 Rc6 33. g3 Kf8 34. Ne4
fxe5 35. Bxe5 Rc1+ 36. Kg2 Rc2 37. Kf3 g5 38. h3 Rc4 39. Rb8+ Kf7 40. Rb7 g4+
41. hxg4 hxg4+ 42. Kf4 Kg6 43. f3 gxf3 44. Kxf3 Rxa4 45. Rb6 Kf7 46. b3 Rb4 1/2-1/2